书目信息 |
| 题名: |
当代中国哲学的情理学派
|
|
| 作者: | 崔罡, , 郭萍 主编 | |
| 分册: | ||
| 出版信息: | 济南 山东大学出版社 2021.11 |
|
| 页数: | 565页 | |
| 开本: | 24cm | |
| 丛书名: | ||
| 单 册: | ||
| 中图分类: | B262.5 | |
| 科图分类: | ||
| 主题词: | 儒学--ru xue--哲学学派--研究--中国--现代 | |
| 电子资源: | ||
| ISBN: | 978-7-5607-7267-7 | |
| 000 | 01239nam0 2200277 450 | |
| 001 | CAL 010825497 | |
| 005 | 20230217093112.0 | |
| 010 | @a978-7-5607-7267-7@dCNY116.00 | |
| 100 | @a20220120d2021 em y0chiy0120 ea | |
| 101 | 0 | @achi |
| 102 | @aCN@b370000 | |
| 105 | @ay a 000yy | |
| 106 | @ar | |
| 200 | 1 | @a当代中国哲学的情理学派@Adang dai zhong guo zhe xue de qing li xue pai@f崔罡, 郭萍主编 |
| 210 | @a济南@c山东大学出版社@d2021.11 | |
| 215 | @a565页@d24cm | |
| 300 | @a山东大学儒家文明省部共建协同创新中心资助 | |
| 314 | @a崔罡, 1979年生, 山西吕梁人, 哲学硕士, 历史学博士, 西南交通大学人文学院副教授、硕士生导师。郭萍, 山东青岛人, 哲学博士, 山东大学儒学高等研究院副研究员, 《当代儒学》执行主编。 | |
| 320 | @a有书目 | |
| 330 | @a本书分四编, 第一编聚焦于冯友兰哲学思想中的“情理”维度 ; 第二编写蒙培元先生创立了“情感哲学” (亦称“情感儒学”) 体系, 开启了当前儒家哲学的“情感转向” ; 第三编写黄玉顺创立“生活儒学”体系, 与弟子们组成了“生活儒学”学派 ; 第四编描述“情理学派”的拓展与推进。 | |
| 606 | 0 | @a儒学@Aru xue@x哲学学派@x研究@y中国@z现代 |
| 690 | @aB262.5@v5 | |
| 701 | 0 | @a崔罡,@Acui gang@f1979-@4主编 |
| 701 | 0 | @a郭萍@Aguo ping@4主编 |
| 801 | 0 | @aCN@bBJXHZP@c20230228 |
| 905 | @b1408032-3@dB262.5@e130@f2 | |
| 当代中国哲学的情理学派/崔罡, 郭萍主编.-济南:山东大学出版社,2021.11 |
| 565页;24cm |
| 山东大学儒家文明省部共建协同创新中心资助 |
| ISBN 978-7-5607-7267-7:CNY116.00 |
| 本书分四编, 第一编聚焦于冯友兰哲学思想中的“情理”维度 ; 第二编写蒙培元先生创立了“情感哲学” (亦称“情感儒学”) 体系, 开启了当前儒家哲学的“情感转向” ; 第三编写黄玉顺创立“生活儒学”体系, 与弟子们组成了“生活儒学”学派 ; 第四编描述“情理学派”的拓展与推进。 |
| ● |
| 相关链接 |
|
|
|
|
正题名:当代中国哲学的情理学派
索取号:B262.5/130
 
预约/预借
| 序号 | 登录号 | 条形码 | 馆藏地/架位号 | 状态 | 备注 |
| 1 | 1408032 | 214080322 | 第一样本阅览室/ [索取号:B262.5/130] | 在馆 | |
| 2 | 1408033 | 214080331 | 第一借阅区/ [索取号:B262.5/130] | 在馆 |